| 000 | 00543nam a2200193Ia 4500 | ||
|---|---|---|---|
| 003 | OSt | ||
| 005 | 20220926045711.0 | ||
| 006 | a|||||r|||| 00| 0 | ||
| 007 | ta | ||
| 008 | 220923b |||||||| |||| 00| 0 eng d | ||
| 037 | _cGeneral Book | ||
| 040 |
_aRTL _cRTL _beng |
||
| 041 |
_2eng _aeng |
||
| 082 | _aX:57:(B), M5/TD | ||
| 100 |
_aBHANDARI Jagdeep S Ed. _9350608 |
||
| 245 | 0 | _aExchange rate management under uncertainty. | |
| 942 |
_hX:57:(B), M5/TD _cGB _2CC |
||
| 999 |
_c678463 _d678463 |
||